History of Cyprus : with an introduction to the Geography of Cyprus

Αποθηκεύτηκε σε:
Λεπτομέρειες βιβλιογραφικής εγγραφής
Κύριος συγγραφέας: Κύρρης, Κώστας Π., 1927-
Μορφή: Βιβλίο
Γλώσσα:English
Δημοσίευση: Nicosia : Nicocles, 1985
Θέματα:
Ετικέτες: Προσθήκη ετικέτας
Δεν υπάρχουν, Καταχωρήστε ετικέτα πρώτοι!

MARC

LEADER 00000nam a2200000 i 4500
001 1/87196
008 970408s1985 eng d
020 |a 9963-566-00-6 
035 |a 1993  |b 1  |c Δωρεά  |l 10035176 
040 |a GR-MY-UA  |b gre  |e aacr 
041 0 |a eng 
082 0 |a 956.4504 
100 1 |a Κύρρης, Κώστας Π.,   |d 1927- 
245 1 0 |a History of Cyprus :  |b with an introduction to the Geography of Cyprus /  |c Kostas P. Kyrris 
260 |a Nicosia :   |b Nicocles,   |c 1985 
300 |a 66 p. 
651 0 |a Cyprus  |x Politics and government. 
651 0 |a Cyprus  |x History  |y Cyprus Crisis, 1974- 
852 |a INST  |b RHODES  |e 19970408  |h 956.4504 KYR  |p 005400000296  |q 005400000296  |t BK  |y 0 
909 |a Ρ  |b 024549  |c 1993